| 000 | 01229nam0a2200289 4500 | ||
|---|---|---|---|
| 001 | RU\NLR\bibl\1955115 | ||
| 005 | 20260406104558.0 | ||
| 010 |
_a978-5-377-05691-1 _930000 |
||
| 021 |
_aRU _b2012-72147 _95327 |
||
| 035 | _a(NLR Aleph) 001944198 | ||
| 090 |
_a3606840 _c3606839 |
||
| 100 | _a20121015d2013 |||y0rusy50 ca | ||
| 101 | 0 | _arus | |
| 102 | _aRU | ||
| 105 | _a||||z ||||| | ||
| 200 | 1 |
_aГрамматика английского языка _eсборник упражнений: Ч. 2: 2 класс _eк учебнику И.Н. Верещагиной и др. "Английский язык: 2 класс" (М.: Просвещение) _fЕ.А. Барашкова |
|
| 205 | _aИзд. 12-е, перераб. и доп. | ||
| 210 |
_aМосква _cЭкзамен _d2013 |
||
| 215 | _d24 | ||
| 225 | 1 | _aУчебно-методический комплект | |
| 225 | 1 | _aEnglish 2 | |
| 700 | 1 |
_4070 _8rus _7ca _aБарашкова _bЕ. А. _gЕлена Александровна _3RU\NLR\auth\7796501 _979427 |
|
| 801 | 0 |
_aRU _bNLR _c20121015 _gRCR |
|
| 801 | 1 |
_aRU _bNLR _c20121015 |
|
| 942 | _cBOOK | ||
| 980 | _aNB | ||